Ηρόδοτος : εισαγωγή στο έργο του

Αποθηκεύτηκε σε:
Λεπτομέρειες βιβλιογραφικής εγγραφής
Κύριος συγγραφέας: Bichler, Reinhold 1947-
Άλλοι συγγραφείς: Rollinger, Robert, Καίσαρ, Μαρία (trlf), Ιακώβ, Δανιήλ Ι. (Επιμελητής έκδοσης)
Μορφή: Βιβλίο
Γλώσσα:Greek
German
Δημοσίευση: Αθήνα : Ινστιτούτο του βιβλίου - Α. Καρδαμίτσας, 2006.
Θέματα:
Ετικέτες: Προσθήκη ετικέτας
Δεν υπάρχουν, Καταχωρήστε ετικέτα πρώτοι!

MARC

LEADER 00000cam a2200000 i 4500
001 1/45755
008 070607s2006 gr | ||| |||| ||gre||
020 |a 9603541796 
035 |l 10088201 
040 |a GR-MyUA  |b gre  |e AACR2 
041 1 |a gre  |h ger 
082 0 |a 938.13  |2 (22) 
100 1 |a Bichler, Reinhold  |d 1947- 
245 1 0 |a Ηρόδοτος :   |b εισαγωγή στο έργο του /   |c Reinhold Bichler, Robert Rollinger ; μετάφραση Μαρία Καίσαρ ; επιμέλεια Δανιήλ Ι. Ιακώβ.  
260 |a Αθήνα :   |b Ινστιτούτο του βιβλίου - Α. Καρδαμίτσας,   |c 2006.  
300 |a 305 σ. ;   |c 21 εκ.  
500 |a Μετάφραση από τα γερμανικά 
500 |a Τίτλος πρωτοτύπου: Herodot.  
504 |a Βιβλιογραφία: σ. 251-296.  
600 0 0 |a Ηρόδοτος,   |d 484-410. 
650 0 0 |a History, Ancient. 
650 0 0 |a History, Ancient  |x Historiography. 
650 0 0 |a Historiography. 
651 0 |a Greece  |x Historiography. 
700 1 |a Rollinger, Robert. 
700 1 |a Καίσαρ, Μαρία,  |e trlf 
700 1 |a Ιακώβ, Δανιήλ Ι.  |e edt 
852 |a INST  |b LESVOS  |e 20070607  |h 938.13 BIC  |p 005100038106  |q 005100038106  |t BK  |y 0 
901 |a BIBL1-2007-2 
909 |a Λ  |b 135028 
922 |a 1ΕΛΗ  |b 200705  |c ΕΠΕΑΕΚ2/ΤΚΑ  |d Σ. ΠΑΤΑΚΗΣ 
970 |a ΚΑΡΑ  |b ΓΙΑΣΕΜΗ  |z 2007/06/07